banner-ar

OPTICS: AN INTRODUCTION FOR STUDENTS OF ENGINEERING / (Record no. 20808)

MARC details
000 -الفاتح
حقل البيانات ثابتة الطول 00471nam a2200169Ia 4500
008 - عناصر البيانات ثابتة الطول - معلومات عامة
حقل البيانات ثابتة الطول 140319s9999 xx 000 0 eng d
040 ## - مصدر الفهرسة
وكالة الفهرسة الأصلية GCL /
وكالة النسخ GCL
082 04 - رقم تصنيف ديوى العشرى
رقم التصنيف 535
رقم المادة B O
100 1# - المدخل الرئيسى - إسم شخصى
الإسم الشخصى BLAKER,J. WARREN
245 10 - بيان العنوان
العنوان OPTICS: AN INTRODUCTION FOR STUDENTS OF ENGINEERING /
بيان المسئوليه,etc BLAKER,J. WARREN
700 1# - المدخل الاضافى - اسم شخصى
الإسم الشخصى ROSONBLUM, WILLIAM M.
260 ## - PUBLICATION, DISTRIBUTION, ETC. (IMPRINT)
تاريخ النشر أو التوزيع 1993
300 ## - الوصف المادى
التعداد 327 P
650 04 - المدخل الاضافى بالموضوع-مصطلح موضوعى
مصطلح موضوعي OPTICS
942 ## - عناصر المدخل الإضافي( كوها)
مصدر التصنيف او مخطط الترفيف Dewey Decimal Classification
Koha [default] item type كتاب
260 ## - PUBLICATION, DISTRIBUTION, ETC. (IMPRINT)
-- [S.N] :
-- MACMILLAN PUBLESHING COMPANY ،
Holdings
حالة التراجع حالة الفقد حالة تلف ليس للاعارة المكان المؤقت الموقع الحالى تاريخ الاكتساب اجمالي اﻻعارات رقم الطلب الباركود تاريخ اخر مشاهدة تاريخ تفعيل السعر نوع وعاء كوها
        مكتبة القاهرة الكبرى مكتبة القاهرة الكبرى 03/26/2014   535\B O 38802 03/26/2014 03/26/2014 كتاب

Powered By

EGPV